The man and the city in a forest : (Record no. 8026)

MARC details
000 -LEADER
fixed length control field 00879nam a22002177a 4500
003 - CONTROL NUMBER IDENTIFIER
control field OSt
005 - DATE AND TIME OF LATEST TRANSACTION
control field 20260513070312.0
008 - FIXED-LENGTH DATA ELEMENTS--GENERAL INFORMATION
fixed length control field 260130b |||||||| |||| 00| 0 eng d
020 ## - INTERNATIONAL STANDARD BOOK NUMBER
International Standard Book Number 9789719458909
040 ## - CATALOGING SOURCE
Original cataloging agency DWCL-Main Lib
Transcribing agency OC
082 ## - DEWEY DECIMAL CLASSIFICATION NUMBER
Classification number Fil. 320.58 K66 2009
100 ## - MAIN ENTRY--PERSONAL NAME
Personal name Klow, Jordan Ross / SalvaƱa, Rolando S.
Relator term Authors
245 ## - TITLE STATEMENT
Title The man and the city in a forest :
Remainder of title a personal saga of environmental advocacy in governance /
Statement of responsibility, etc. Jordan Ross Klow
260 ## - PUBLICATION, DISTRIBUTION, ETC.
Place of publication, distribution, etc. Palwan, Philippines :
Name of publisher, distributor, etc. Lotus Multimedia Communicatios,
Date of publication, distribution, etc. c2009.
300 ## - PHYSICAL DESCRIPTION
Extent 239 pages :
Other physical details illustrations ;
Dimensions 21 cm.
650 ## - SUBJECT ADDED ENTRY--TOPICAL TERM
Topical term or geographic name entry element Hagedorn, Edward Solon, 1946-
650 ## - SUBJECT ADDED ENTRY--TOPICAL TERM
Topical term or geographic name entry element Hagedorn, Edward Solon, 1946-, Environmentalist - Political ideologist.
650 ## - SUBJECT ADDED ENTRY--TOPICAL TERM
Topical term or geographic name entry element Hagedorn, Edward Solon, 1946-, Environmentalist.
650 ## - SUBJECT ADDED ENTRY--TOPICAL TERM
Topical term or geographic name entry element Hagedorn, Edward Solon, 1946-, Politician.
942 ## - ADDED ENTRY ELEMENTS (KOHA)
Source of classification or shelving scheme Dewey Decimal Classification
Koha item type Book-Filipiniana
Call number suffix Fil.
Suppress in OPAC No
952 ## - LOCATION AND ITEM INFORMATION (KOHA)
--
Holdings
Withdrawn status Lost status Source of classification or shelving scheme Damaged status Not for loan Home library Current library Shelving location Date acquired Source of acquisition Total Checkouts Full call number Barcode Date last seen Copy number Price effective from Koha item type Uniform Resource Identifier
    Dewey Decimal Classification     Junior High School Library Junior High School Library Filipiniana 11/15/2010 Library Fund   Fil. 320.58 K66 2009 JHS - 15833 01/30/2026 c1 01/30/2026 BK - FIL